[Event "Titled Tue 17th Jun Early"]
[Site "chess.com INT"]
[Date "2025.06.17"]
[Round "1"]
[White "Brady, Tyson"]
[Black "Hambardzumian, Yuri"]
[Result "1-0"]
[WhiteTitle "CM"]
[BlackTitle "IM"]
[WhiteElo "2170"]
[BlackElo "2301"]
[WhiteFideId "30970369"]
[BlackFideId "13302795"]
[EventDate "2025.06.17"]

1. Nf3 d5 2. g3 Nf6 3. Bg2 c5 4. O-O Nc6 5. c4 d4 6. d3 Bg4 7. h3 Bh5 8. e3 e6
9. exd4 cxd4 10. Bg5 Be7 11. Na3 O-O 12. Nc2 e5 13. Re1 Bd6 14. Qd2 Bg6 15. Bxf6
Qxf6 16. Ng5 h6 17. Ne4 Bxe4 18. Bxe4 Qg5 19. Qxg5 hxg5 20. a3 Ne7 21. b4 f5 22.
Bxb7 Rae8 23. c5 1-0

[Event "Titled Tue 17th Jun Early"]
[Site "chess.com INT"]
[Date "2025.06.17"]
[Round "1"]
[White "Xue, Haowen"]
[Black "Cornelisse, Lorelei"]
[Result "1-0"]
[WhiteTitle "GM"]
[BlackTitle "WFM"]
[WhiteElo "2518"]
[BlackElo "2138"]
[WhiteFideId "8625492"]
[BlackFideId "1087177"]
[EventDate "2025.06.17"]

1. h3 h6 2. e4 e5 3. Nf3 Nc6 4. Bc4 Nf6 5. d3 d5 6. exd5 Nxd5 7. O-O Bc5 8. Re1
O-O 9. c3 Be6 10. Nbd2 Bb6 11. Nxe5 Nxe5 12. Rxe5 Qf6 13. d4 c6 14. Qf3 Qd8 15.
Re1 Bc7 16. Ne4 f5 17. Nc5 Bc8 18. Bf4 Bxf4 19. Qxf4 Kh8 20. Bxd5 Qxd5 21. Re7
b6 22. Nd3 Ba6 23. Ne5 Rf6 24. a4 Qd6 25. Nf7+ 1-0

[Event "Titled Tue 17th Jun Early"]
[Site "chess.com INT"]
[Date "2025.06.17"]
[Round "1"]
[White "Golubova, Anna"]
[Black "Tarnowska, Aleksandra"]
[Result "0-1"]
[WhiteTitle "WIM"]
[BlackTitle "WCM"]
[WhiteElo "2136"]
[BlackElo "1882"]
[WhiteFideId "24173606"]
[BlackFideId "1180967"]
[EventDate "2025.06.17"]

1. d4 d5 2. Nf3 Nf6 3. g3 e6 4. Bg2 Be7 5. O-O O-O 6. c4 b6 7. Nc3 Bb7 8. Ne5
Nbd7 9. Bf4 Rc8 10. Rc1 c6 11. cxd5 cxd5 12. Qa4 a6 13. h3 b5 14. Qd1 Qa5 15. a3
Rfd8 16. Re1 Nxe5 17. Bxe5 b4 18. axb4 Qxb4 19. Qd2 a5 20. Ra1 Bc6 21. Ra2 Qb6
22. Rea1 Bb4 23. Nd1 Bxd2 0-1

[Event "Titled Tue 17th Jun Early"]
[Site "chess.com INT"]
[Date "2025.06.17"]
[Round "1"]
[White "Yezhel, Valiantsin"]
[Black "Niemann, Hans Moke"]
[Result "0-1"]
[WhiteTitle "FM"]
[BlackTitle "GM"]
[WhiteElo "2256"]
[BlackElo "2736"]
[WhiteFideId "13504983"]
[BlackFideId "2093596"]
[EventDate "2025.06.17"]

1. d4 Nf6 2. Nf3 b6 3. Bf4 Bb7 4. e3 g6 5. h3 Bg7 6. Nbd2 O-O 7. a4 a5 8. c3 d6
9. Bc4 Nbd7 10. O-O Qe8 11. Bh2 e5 12. Qb3 e4 13. Ne1 h5 14. Bf4 Kh8 15. Nc2 Qe7
16. Rae1 Rae8 17. Na3 Nh7 18. Nb5 Ndf6 19. f3 exf3 20. Nxf3 Ne4 21. Qc2 g5 22.
Bh2 g4 23. hxg4 hxg4 24. Nd2 g3 25. Nxe4 Bxe4 26. Bd3 gxh2+ 27. Kxh2 Qh4+ 28.
Kg1 Ng5 29. Nxc7 Bxd3 30. Qxd3 Re4 31. Nd5 Nh3+ 32. gxh3 Qg3+ 33. Kh1 Qxh3+ 34.
Kg1 Rg4+ 0-1

[Event "Titled Tue 17th Jun Early"]
[Site "chess.com INT"]
[Date "2025.06.17"]
[Round "1"]
[White "Hoang, Thi Bao Tram"]
[Black "Rosenbecker, Daniel"]
[Result "1-0"]
[WhiteTitle "WGM"]
[BlackTitle "CM"]
[WhiteElo "2163"]
[BlackElo "2109"]
[WhiteFideId "12401102"]
[BlackFideId "1718959"]
[EventDate "2025.06.17"]

1. c4 c6 2. e4 d5 3. exd5 cxd5 4. cxd5 Nf6 5. Nc3 Nxd5 6. d4 e6 7. Nf3 Be7 8.
Bd3 O-O 9. O-O Nc6 10. a3 b6 11. Qc2 h6 12. Nxd5 Qxd5 13. Be4 Qd6 14. Qxc6 Rb8
15. Qxd6 Bxd6 16. Bd2 Ba6 17. Rfc1 g5 18. Bb4 Rfd8 19. Ne5 f5 20. Bf3 g4 21. Bd1
Bxb4 22. axb4 Rbc8 23. Nc6 Rd6 24. Ne7+ 1-0

[Event "Titled Tue 17th Jun Early"]
[Site "chess.com INT"]
[Date "2025.06.17"]
[Round "1"]
[White "Tang, Dylan"]
[Black "Chassard, Cedric"]
[Result "1-0"]
[WhiteTitle "FM"]
[BlackTitle "FM"]
[WhiteElo "2236"]
[BlackElo "2250"]
[WhiteFideId "30972531"]
[BlackFideId "16243536"]
[EventDate "2025.06.17"]

1. e4 e5 2. Nf3 Nf6 3. Nxe5 Nxe4 4. Qe2 Qe7 5. Qxe4 d6 6. d4 dxe5 7. dxe5 Nc6 8.
Bb5 Bd7 9. Nc3 O-O-O 10. Bf4 Qb4 11. Qxb4 Bxb4 12. O-O-O Bxc3 13. bxc3 Nxe5 14.
Bxe5 Bxb5 15. Bxg7 Rhg8 16. Bf6 Rd6 17. Rxd6 cxd6 18. g3 Bc6 19. Re1 Rg6 20. Bd4
a6 21. Re7 Bd5 22. Bb6 Re6 23. Rc7+ Kb8 24. Rd7 Re8 25. Rxd6 Bc6 26. Kd2 Kc8 27.
h4 Bd7 28. a3 Re6 29. Bc5 Rxd6+ 30. Bxd6 Bc6 31. c4 h5 32. c5 f5 33. Ke3 Be4 34.
c3 1-0

[Event "Titled Tue 17th Jun Early"]
[Site "chess.com INT"]
[Date "2025.06.17"]
[Round "1"]
[White "Garcia, Erick"]
[Black "Xiong, Jeffery"]
[Result "0-1"]
[BlackTitle "GM"]
[WhiteElo "2135"]
[BlackElo "2639"]
[WhiteFideId "2058880"]
[BlackFideId "2047640"]
[EventDate "2025.06.17"]

1. d4 Nf6 2. c4 e6 3. g3 c5 4. d5 exd5 5. cxd5 d6 6. Nc3 g6 7. Bg2 Bg7 8. Nf3
O-O 9. O-O Re8 10. Bf4 a6 11. a4 h6 12. Qc1 g5 13. Bd2 Bf5 14. h4 g4 15. Ne1 Kh7
16. Nc2 Nbd7 17. Ne3 Bg6 18. a5 Ne5 19. Ra4 b5 20. axb6 Qxb6 21. Ned1 Qb3 22.
Ra3 Qb7 23. Kh2 Nc4 24. Ra2 Qb3 25. Bf4 Nh5 26. Bd2 Rxe2 27. Nxe2 Nxd2 28. Qxd2
Qxa2 29. Ne3 Qxb2 30. Qxb2 Bxb2 31. Nxg4 a5 32. Ne3 a4 33. Nc4 a3 0-1

[Event "Titled Tue 17th Jun Early"]
[Site "chess.com INT"]
[Date "2025.06.17"]
[Round "1"]
[White "Khafizova, Diana"]
[Black "Shandrygin, Nikita"]
[Result "0-1"]
[WhiteTitle "WFM"]
[BlackTitle "FM"]
[WhiteElo "2075"]
[BlackElo "2209"]
[WhiteFideId "34378049"]
[BlackFideId "24198668"]
[EventDate "2025.06.17"]

1. Nf3 d5 2. g3 Nc6 3. Bg2 e5 4. O-O Be6 5. d3 f6 6. Nbd2 Qd7 7. c4 Nge7 8. Rb1
dxc4 9. dxc4 Nf5 10. a3 Rd8 11. b4 Bxc4 12. Bb2 Be6 13. Qc2 a6 14. Rfd1 Qf7 15.
e3 Be7 16. Rbc1 O-O 17. Ne1 Rd7 18. Be4 g6 19. f4 Nxe3 20. Qc3 Nxd1 21. Rxd1 Bd5
22. Nd3 Rfd8 23. fxe5 Bxe4 24. Nxe4 Nxe5 25. Nef2 Nxd3 26. Rxd3 Rxd3 27. Nxd3
Qd5 28. Nf2 c5 29. bxc5 Qxc5 30. Qxc5 Bxc5 31. Bc3 Bxf2+ 32. Kxf2 f5 33. Ke3 Rd5 0-1

[Event "Titled Tue 17th Jun Early"]
[Site "chess.com INT"]
[Date "2025.06.17"]
[Round "1"]
[White "Shubhi Gupta"]
[Black "Starozhilov, Leonid"]
[Result "0-1"]
[WhiteTitle "WFM"]
[BlackTitle "FM"]
[WhiteElo "2188"]
[BlackElo "2240"]
[WhiteFideId "25195425"]
[BlackFideId "14106752"]
[EventDate "2025.06.17"]

1. d4 Nf6 2. Nf3 g6 3. c4 Bg7 4. Nc3 O-O 5. g3 d6 6. Bg2 c6 7. e4 Bg4 8. O-O
Nfd7 9. h3 Bxf3 10. Bxf3 Qb6 11. Ne2 c5 12. d5 Ne5 13. Bg2 Nxc4 14. Rb1 Na3 15.
Bh6 Nxb1 16. Bxg7 Kxg7 17. Qxb1 Nd7 18. Qc2 Qa5 19. a3 b5 20. f4 Rac8 21. h4 b4
22. a4 b3 23. Qxb3 Rb8 24. Qc2 Qb4 25. Rb1 Nf6 26. e5 dxe5 27. fxe5 Ng4 28. Bf3
Nxe5 29. Be4 Qb3 30. Qxc5 Rfc8 31. Qd4 Qb6 32. Qxb6 Rxb6 33. b4 Rc4 0-1

[Event "Titled Tue 17th Jun Early"]
[Site "chess.com INT"]
[Date "2025.06.17"]
[Round "1"]
[White "Mindlin, Alon"]
[Black "Sarkar, Justin"]
[Result "1-0"]
[WhiteTitle "IM"]
[BlackTitle "IM"]
[WhiteElo "2451"]
[BlackElo "2284"]
[WhiteFideId "2800071"]
[BlackFideId "2010011"]
[EventDate "2025.06.17"]

1. d4 Nf6 2. c4 e6 3. Nc3 c5 4. d5 exd5 5. cxd5 d6 6. e4 g6 7. f3 Bg7 8. Be3 O-O
9. Qd2 Re8 10. Be2 Na6 11. Bxa6 bxa6 12. Nge2 Rb8 13. O-O Nd7 14. Bg5 Qc7 15.
Rab1 Nb6 16. b3 f5 17. Bh6 Bh8 18. Ng3 fxe4 19. Ncxe4 Nd7 20. Nf5 Be5 21. f4
gxf5 22. fxe5 Nxe5 23. Nf6+ Kf7 24. Nxe8 Kxe8 25. Rbe1 1-0

[Event "Titled Tue 17th Jun Early"]
[Site "chess.com INT"]
[Date "2025.06.17"]
[Round "1"]
[White "Kozak, Magdalena"]
[Black "Antonio, Rogelio Jr"]
[Result "0-1"]
[WhiteTitle "WIM"]
[BlackTitle "GM"]
[WhiteElo "2176"]
[BlackElo "2354"]
[WhiteFideId "1124757"]
[BlackFideId "5200032"]
[EventDate "2025.06.17"]

1. Nf3 Nf6 2. g3 b6 3. d4 Bb7 4. Bg2 c5 5. c3 g6 6. O-O Bg7 7. b3 O-O 8. Bb2 a5
9. Nbd2 a4 10. Nc4 b5 11. Nce5 a3 12. Bc1 d6 13. Nd3 c4 14. bxc4 bxc4 15. Nb4
Nbd7 16. Rb1 Be4 17. Nc2 Nd5 18. Bd2 Qa5 19. Nb4 Bxb1 20. Nxd5 Qxd5 21. Ng5 Qf5
22. Bxa8 Bc2 23. e4 Bxd1 24. exf5 Rxa8 25. fxg6 Bh5 26. gxf7+ Bxf7 27. Rb1 Bd5
28. Rb5 Nf6 29. Bc1 h6 30. Nh3 Bf7 31. Nf4 Ne4 0-1

[Event "Titled Tue 17th Jun Early"]
[Site "chess.com INT"]
[Date "2025.06.17"]
[Round "1"]
[White "Brezis, Ari"]
[Black "Rustamov, Rustam"]
[Result "0-1"]
[WhiteTitle "CM"]
[BlackTitle "FM"]
[WhiteElo "2179"]
[BlackElo "2334"]
[WhiteFideId "2858541"]
[BlackFideId "13440110"]
[EventDate "2025.06.17"]

1. d4 Nf6 2. Nf3 e6 3. c4 d5 4. Nc3 Bb4 5. Bg5 h6 6. Bh4 g5 7. Bg3 Ne4 8. Qc2 h5
9. Nd2 Nxd2 10. Kxd2 c5 11. cxd5 cxd4 12. Qa4+ Nc6 13. e4 exd5 14. exd5 dxc3+
15. bxc3 Qxd5+ 16. Bd3 Bf5 17. Rhe1+ Kf8 18. Re3 Rd8 19. cxb4 Bxd3 20. Ke1 h4
21. Bc7 Rd7 22. Rd1 Qc4 23. Be5 Nxe5 0-1

[Event "Titled Tue 17th Jun Early"]
[Site "chess.com INT"]
[Date "2025.06.17"]
[Round "1"]
[White "Aarav Sinha"]
[Black "Sailer, Mike"]
[Result "1/2-1/2"]
[WhiteTitle "FM"]
[WhiteElo "2255"]
[BlackElo "2108"]
[WhiteFideId "25674064"]
[BlackFideId "2012901"]
[EventDate "2025.06.17"]

1. e4 d5 2. exd5 Qxd5 3. Nc3 Qd6 4. Nf3 c6 5. d4 Bf5 6. Bd3 Bxd3 7. Qxd3 Nf6 8.
Bd2 e6 9. O-O Nbd7 10. Ne4 Nxe4 11. Qxe4 Nf6 12. Qe2 Be7 13. c4 O-O 14. Bc3 Qf4
15. Rfe1 Rad8 16. Rad1 Bd6 17. g3 Qg4 18. d5 exd5 19. Bxf6 gxf6 20. cxd5 Rfe8
21. Qxe8+ Rxe8 22. Rxe8+ Kg7 23. dxc6 Qxf3 24. Rxd6 bxc6 25. Re7 h5 26. Rdd7 h4
27. Rxf7+ Kg6 28. gxh4 Qg4+ 29. Kf1 Qc4+ 30. Kg2 Qg4+ 31. Kf1 Qc4+ 32. Kg2 Qg4+
33. Kf1 1/2-1/2

[Event "Titled Tue 17th Jun Early"]
[Site "chess.com INT"]
[Date "2025.06.17"]
[Round "1"]
[White "Swaminathan, Pranav"]
[Black "Atanasov, Anthony"]
[Result "0-1"]
[BlackTitle "IM"]
[WhiteElo "2113"]
[BlackElo "2417"]
[WhiteFideId "30970482"]
[BlackFideId "2623897"]
[EventDate "2025.06.17"]

1. e4 e5 2. Nf3 Nc6 3. Bb5 a6 4. Ba4 Bc5 5. O-O Nge7 6. c3 Ba7 7. d4 Ng6 8. Bg5
f6 9. Be3 O-O 10. d5 Nce7 11. d6 cxd6 12. Bxa7 Rxa7 13. Qxd6 b5 14. Bb3+ Kh8 15.
Rd1 Rc7 16. a4 Bb7 17. axb5 axb5 18. Ra7 Nc8 19. Qa3 b4 20. cxb4 Nxa7 21. Qxa7
Bxe4 22. Qe3 Bxb1 23. Rxb1 d5 24. b5 Qd6 25. Rd1 d4 26. Qd3 Nf4 27. Qe4 Qb4 28.
Bc2 g6 29. Nxe5 fxe5 30. Qxe5+ Rg7 31. Rxd4 Qxd4 32. Qxd4 Ne2+ 0-1

[Event "Titled Tue 17th Jun Early"]
[Site "chess.com INT"]
[Date "2025.06.17"]
[Round "1"]
[White "Perea Fruet, Lorenzo"]
[Black "Jahnz, Laurin"]
[Result "1-0"]
[WhiteTitle "FM"]
[BlackTitle "CM"]
[WhiteElo "2393"]
[BlackElo "2221"]
[WhiteFideId "24595870"]
[BlackFideId "16261089"]
[EventDate "2025.06.17"]

1. f4 d5 2. Nf3 c6 3. g3 e6 4. Bg2 f5 5. d3 Nf6 6. O-O Be7 7. c3 O-O 8. Qc2 Nbd7
9. Kh1 Qc7 10. Nbd2 e5 11. fxe5 Nxe5 12. Nxe5 Qxe5 13. Nf3 Qc7 14. Bf4 Bd6 15.
Qd2 Bxf4 16. Qxf4 Qxf4 17. gxf4 Ng4 18. h3 Ne3 19. Rfc1 Re8 20. Ne5 g5 21. d4
gxf4 22. Bf3 Be6 23. Nd3 Bf7 24. Nxf4 Kh8 25. b3 a5 26. Kg1 a4 27. Kf2 Kg7 28.
Nd3 Kf6 29. Ne5 f4 30. Nxf7 Kxf7 31. Bh5+ Kf6 32. Bxe8 Rxe8 33. Rg1 a3 34. Kf3
Kf5 35. Rac1 Re7 36. Rg8 b5 37. Rf8+ Kg6 38. Rg1+ Kh6 39. Rxf4 Kh5 40. h4 Re6
41. Rg5+ Kh6 42. Re5 1-0

[Event "Titled Tue 17th Jun Early"]
[Site "chess.com INT"]
[Date "2025.06.17"]
[Round "1"]
[White "Martinez Alcantara, Jose Eduardo"]
[Black "Luong Phuong Hanh"]
[Result "1-0"]
[WhiteTitle "GM"]
[BlackTitle "WIM"]
[WhiteElo "2611"]
[BlackElo "2121"]
[WhiteFideId "3805662"]
[BlackFideId "12401013"]
[EventDate "2025.06.17"]

1. c4 Nf6 2. g3 g6 3. Bg2 Bg7 4. Nc3 c6 5. e4 d6 6. Nge2 O-O 7. O-O Nbd7 8. d4
Rb8 9. a4 Ne8 10. Be3 Nc7 11. a5 b5 12. axb6 Nxb6 13. b3 a6 14. d5 cxd5 15. exd5
Nd7 16. Bd4 Ne5 17. f4 Ng4 18. Bxg7 Kxg7 19. h3 Nf6 20. Nd4 Bd7 21. g4 Kg8 22.
f5 Nce8 23. Kh1 Qb6 24. Qd3 Ng7 25. Rae1 Rfe8 26. Bf3 Qc5 27. g5 Nfh5 28. Ne4
Qb6 29. Bxh5 Nxh5 30. Kh2 Qc7 31. Qf3 Rf8 32. f6 exf6 33. Nxf6+ Nxf6 34. gxf6
Rfe8 35. Qf4 Kh8 36. Re7 Rxe7 37. fxe7 Be8 38. Qf6+ Kg8 39. Ne6 Qd7 40. Qg7# 1-0

[Event "Titled Tue 17th Jun Early"]
[Site "chess.com INT"]
[Date "2025.06.17"]
[Round "1"]
[White "Jakovljevic, Dejan"]
[Black "Bold, Andre"]
[Result "0-1"]
[WhiteTitle "CM"]
[BlackTitle "CM"]
[WhiteElo "1956"]
[BlackElo "2235"]
[WhiteFideId "949418"]
[BlackFideId "16208471"]
[EventDate "2025.06.17"]

1. e4 c6 2. d4 d5 3. exd5 cxd5 4. c4 Nf6 5. Nc3 g6 6. Bg5 Bg7 7. c5 O-O 8. Bb5
Ne4 9. Bh4 Nc6 10. Rc1 Nxd4 11. Nxe4 dxe4 12. Qa4 Nxb5 13. Qxb5 a6 14. Qc4 Qa5+
15. b4 Qa3 16. Ne2 Be6 17. Qxe4 Bf5 18. Qc4 e5 19. O-O Be6 20. Qe4 Qxa2 21. Ra1
Qd5 22. Qxd5 Bxd5 23. Nc3 Bc6 24. Be7 Rfe8 25. Bd6 e4 26. Rfe1 Bxc3 0-1

[Event "Titled Tue 17th Jun Early"]
[Site "chess.com INT"]
[Date "2025.06.17"]
[Round "1"]
[White "Wan, Yunguo"]
[Black "Keneshbekov, Elim"]
[Result "1-0"]
[WhiteTitle "GM"]
[BlackTitle "CM"]
[WhiteElo "2501"]
[BlackElo "1883"]
[WhiteFideId "8603189"]
[BlackFideId "13816772"]
[EventDate "2025.06.17"]

1. Nf3 Nf6 2. g3 g6 3. Bg2 Bg7 4. O-O O-O 5. c4 d6 6. d4 Nc6 7. Nc3 e5 8. dxe5
dxe5 9. Bg5 Be6 10. Qa4 h6 11. Rfd1 Qe7 12. Nd5 Bxd5 13. cxd5 Nd4 14. Nxd4 exd4
15. Bf4 Qxe2 16. Bxc7 Ng4 17. Rf1 d3 18. Rae1 Qc2 19. Qxc2 dxc2 20. Re2 Rac8 21.
Rxc2 Be5 22. Rfc1 Bxc7 23. Rxc7 Rxc7 24. Rxc7 Re8 25. Bh3 Ne5 26. d6 Nf3+ 27.
Kg2 Ne1+ 28. Kf1 Nf3 29. d7 1-0

[Event "Titled Tue 17th Jun Early"]
[Site "chess.com INT"]
[Date "2025.06.17"]
[Round "1"]
[White "Henriquez Villagra, Cristobal"]
[Black "Kurchenko, Egor"]
[Result "0-1"]
[WhiteTitle "GM"]
[BlackTitle "FM"]
[WhiteElo "2597"]
[BlackElo "2130"]
[WhiteFideId "3409350"]
[BlackFideId "54157749"]
[EventDate "2025.06.17"]

1. e4 e5 2. Nf3 Nc6 3. d3 Nf6 4. g3 g6 5. Bg2 Bg7 6. O-O O-O 7. c4 d6 8. Nc3 Bg4
9. h3 Bxf3 10. Qxf3 a5 11. Be3 Nd7 12. Qd1 Nc5 13. Nd5 Ne6 14. f4 exf4 15. gxf4
f5 16. Qd2 Ncd4 17. Rae1 c6 18. Nc3 Qd7 19. Ne2 Rf7 20. Kh2 Raf8 21. Nxd4 Nxd4
22. b3 b6 23. Qf2 Ne6 24. Qg3 fxe4 25. dxe4 Nxf4 26. Qg4 Qe7 27. Rxf4 Rxf4 28.
Bxf4 Rxf4 29. Qc8+ Rf8 30. Qxc6 Be5+ 31. Kh1 Qh4 32. Qd5+ Kg7 33. Rf1 Rxf1+ 34.
Bxf1 Qf2 0-1

[Event "Titled Tue 17th Jun Early"]
[Site "chess.com INT"]
[Date "2025.06.17"]
[Round "1"]
[White "Carlsson, Ludvig"]
[Black "Hury, Tymoteusz"]
[Result "1-0"]
[WhiteTitle "IM"]
[BlackTitle "CM"]
[WhiteElo "2379"]
[BlackElo "2115"]
[WhiteFideId "1727010"]
[BlackFideId "21839328"]
[EventDate "2025.06.17"]

1. Nf3 Nf6 2. c4 d6 3. d4 g6 4. Nc3 Bg7 5. e4 O-O 6. Be2 e5 7. dxe5 dxe5 8. Qxd8
Rxd8 9. Bg5 Re8 10. Nd5 Nxd5 11. cxd5 c6 12. Bc4 b5 13. Bb3 a5 14. a4 Bb7 15.
Rc1 cxd5 16. Rc7 Bc6 17. axb5 dxe4 18. bxc6 exf3 19. Bxf7+ Kf8 20. Bxe8 fxg2 21.
Rg1 Na6 22. Rf7+ Kg8 23. Re7 h6 24. Bh4 g5 25. Rxg2 Kf8 26. Rf7+ Kg8 27. Rxg7+
Kxg7 28. Bd7 Kf6 29. Bg3 Rb8 30. h4 Rxb2 31. hxg5+ hxg5 32. Rh2 a4 33. Rh6+ Ke7
34. Re6+ Kf7 35. Rxe5 a3 36. Rf5+ Ke7 37. Re5+ Kf7 38. Ra5 Nb4 39. c7 Rc2 40.
c8=Q 1-0

[Event "Titled Tue 17th Jun Early"]
[Site "chess.com INT"]
[Date "2025.06.17"]
[Round "1"]
[White "Shamatava, Nikolozi"]
[Black "Vihaan Dumir"]
[Result "0-1"]
[WhiteTitle "FM"]
[BlackTitle "CM"]
[WhiteElo "2246"]
[BlackElo "2230"]
[WhiteFideId "13619950"]
[BlackFideId "25901010"]
[EventDate "2025.06.17"]

1. Nf3 Nf6 2. g3 g6 3. Bg2 Bg7 4. O-O O-O 5. c4 c5 6. Nc3 Nc6 7. b3 d5 8. cxd5
Nxd5 9. Bb2 Nxc3 10. dxc3 Qc7 11. e4 b6 12. Qe2 a5 13. c4 e5 14. Rad1 Bg4 15. h3
Bxf3 16. Qxf3 Rad8 17. Rd5 Ne7 18. Rxd8 Rxd8 19. Rd1 Nc6 20. Rd5 Nb4 21. Rxd8+
Qxd8 22. a3 Nc6 23. Bc3 Qd6 24. h4 h5 25. g4 hxg4 26. Qxg4 Qd3 27. Qc8+ Nd8 28.
Qxd8+ Qxd8 0-1

[Event "Titled Tue 17th Jun Early"]
[Site "chess.com INT"]
[Date "2025.06.17"]
[Round "1"]
[White "Zeliantsova, Kseniya"]
[Black "Bok, Benjamin"]
[Result "0-1"]
[WhiteTitle "WFM"]
[BlackTitle "GM"]
[WhiteElo "2062"]
[BlackElo "2582"]
[WhiteFideId "13512617"]
[BlackFideId "1017063"]
[EventDate "2025.06.17"]

1. e4 c5 2. Nf3 d6 3. Bb5+ Nd7 4. a4 Nf6 5. Nc3 a6 6. Be2 g6 7. O-O Bg7 8. d4
cxd4 9. Nxd4 O-O 10. Be3 Qc7 11. Nb3 b6 12. f3 Nc5 13. Nxc5 bxc5 14. Bc4 Rb8 15.
Rb1 Rd8 16. Qe2 Qc6 17. Rfd1 e6 18. e5 Ne8 19. exd6 Nxd6 20. a5 Bb7 21. Bb3 Nf5
22. Ba4 Qc7 23. Bf2 Qxa5 24. Bb3 Nd4 25. Qe1 Bxf3 26. Rd3 Ba8 27. Rh3 Nxb3 28.
cxb3 Rxb3 29. Rd1 Rxb2 30. Rxd8+ Qxd8 31. Be3 Bxc3 32. Qxc3 Qd1+ 0-1

[Event "Titled Tue 17th Jun Early"]
[Site "chess.com INT"]
[Date "2025.06.17"]
[Round "1"]
[White "Petersen, Marcel"]
[Black "Fomevor, Cephas Clinton"]
[Result "1-0"]
[WhiteTitle "CM"]
[BlackTitle "CM"]
[WhiteElo "2236"]
[BlackElo "1883"]
[WhiteFideId "12935670"]
[BlackFideId "12601330"]
[EventDate "2025.06.17"]

1. e4 c5 2. Nf3 Nc6 3. Bb5 g6 4. O-O Bg7 5. c3 e5 6. d4 cxd4 7. cxd4 exd4 8. Bf4
a6 9. Bc4 Nge7 10. Bd6 O-O 11. a4 b6 12. Na3 Bb7 13. Re1 h6 14. Nc2 Kh7 15.
Ncxd4 Nxd4 16. Nxd4 Re8 17. Bxf7 Rf8 18. Bb3 Rc8 19. Qd3 Nc6 20. Bxf8 Qxf8 21.
Nxc6 Bxc6 22. e5 Qb4 23. Bd5 Qxb2 24. Rab1 1-0

[Event "Titled Tue 17th Jun Early"]
[Site "chess.com INT"]
[Date "2025.06.17"]
[Round "1"]
[White "Firouzja, Alireza"]
[Black "Sanhueza, Cristian"]
[Result "1-0"]
[WhiteTitle "GM"]
[BlackTitle "FM"]
[WhiteElo "2766"]
[BlackElo "2213"]
[WhiteFideId "12573981"]
[BlackFideId "116815"]
[EventDate "2025.06.17"]

1. Nf3 Nf6 2. g3 g6 3. b3 Bg7 4. Bb2 O-O 5. Bg2 c5 6. c4 Nc6 7. O-O d6 8. d4
cxd4 9. Nxd4 Bd7 10. Nc3 Nxd4 11. Qxd4 Bc6 12. Rad1 Qa5 13. Qd2 Bxg2 14. Kxg2
Rfc8 15. e4 h5 16. Qe2 h4 17. Ba1 a6 18. Nd5 Nxd5 19. Rxd5 Rc5 20. gxh4 Bxa1 21.
Rxa1 Qc3 22. Rad1 Kg7 23. R1d3 Qc1 24. h5 Rxd5 25. exd5 Rh8 26. hxg6 Qh6 27. h3
Rg8 28. Qxe7 Kh8 29. Qxf7 Rxg6+ 30. Rg3 Rxg3+ 31. Kxg3 Qg5+ 32. Kf3 Qd2 33. Qf8+
Kh7 34. Qf5+ Kh8 35. Qh5+ Kg8 36. Qg4+ Kh8 37. Qh4+ Kg8 38. Qd8+ Kh7 39. Qc7+
Kg8 40. Qc8+ Kh7 41. Qxb7+ Kg6 42. Qb6 Qd3+ 43. Qe3 Qd1+ 44. Kg2 Kh5 45. Qf3+ 1-0

[Event "Titled Tue 17th Jun Early"]
[Site "chess.com INT"]
[Date "2025.06.17"]
[Round "1"]
[White "Moksh, Amit Doshi"]
[Black "Wieczorek, Zbigniew"]
[Result "1-0"]
[WhiteTitle "IM"]
[BlackTitle "FM"]
[WhiteElo "2366"]
[BlackElo "2105"]
[WhiteFideId "25064967"]
[BlackFideId "1102001"]
[EventDate "2025.06.17"]

1. b3 g6 2. Bb2 Nf6 3. Bxf6 exf6 4. c4 f5 5. Nc3 Bg7 6. g3 d6 7. Bg2 O-O 8. e3
Nc6 9. Nge2 Ne5 10. d4 Ng4 11. O-O c6 12. Nf4 Re8 13. Rc1 h5 14. h4 Bd7 15. b4
a6 16. Qb3 b5 17. cxb5 axb5 18. Nce2 d5 19. Nd3 Ra7 20. Rc2 Qa8 21. Nef4 Ra3 22.
Qb1 Rxe3 23. fxe3 Nxe3 24. Re2 Bxd4 25. Rf3 Nd1+ 26. Kh1 Nc3 27. Qe1 Nxe2 28.
Qxe2 Rxa2 29. Qe7 Ra1+ 30. Kh2 Qe8 31. Qg5 Bg1+ 32. Kh3 Bb6 33. Nxh5 f4+ 34. g4
Bd8 35. Nf6+ Bxf6 36. Qxf6 Qe6 37. Qxa1 Qxg4+ 38. Kh2 Qxh4+ 39. Kg1 g5 40. Qf6
Bg4 41. Rxf4 1-0

[Event "Titled Tue 17th Jun Early"]
[Site "chess.com INT"]
[Date "2025.06.17"]
[Round "1"]
[White "Thomforde-Toates, Noah"]
[Black "Cuellar Montes, Alejandro"]
[Result "1-0"]
[BlackTitle "CM"]
[WhiteElo "2128"]
[BlackElo "2173"]
[WhiteFideId "30951992"]
[BlackFideId "32096836"]
[EventDate "2025.06.17"]

1. d4 Nf6 2. Nc3 d5 3. Bf4 e6 4. e3 Bd6 5. Nf3 Bxf4 6. exf4 O-O 7. Bd3 c5 8.
dxc5 Qc7 9. Qd2 Qxc5 10. O-O a6 11. Ne5 b5 12. Ne2 Bb7 13. Nd4 g6 14. c3 Nc6 15.
Nexc6 Bxc6 16. Rae1 Bb7 17. f5 exf5 18. Nxf5 Ne4 19. Bxe4 dxe4 20. Nd4 Rad8 21.
Qf4 Qd6 22. Qh4 f5 23. Rd1 Qf6 24. Qf4 Rf7 25. Nb3 Bd5 26. Nc5 Bc4 27. Rfe1 Bxa2
28. h4 Rd5 29. Rxd5 Bxd5 30. Rd1 Qc6 31. b4 Kg7 32. Qe5+ Qf6 33. Rxd5 a5 34.
Ne6+ Kh6 35. Qf4+ Kh5 36. g4+ Kxh4 37. Qg3# 1-0